Statistics for All Lil Keed Songs

Click here to take the quiz!

General Stats

  • This quiz has been taken 14 times
    (3 since last reset)
  • The average score is 48 of 107

Answer Stats

AlbumSong% Correct
Long Live MexicoAnybody
100%
Keed Talk to 'EmBalenciaga
100%
Long Live MexicoChild
100%
Trapped On Cleveland 3Fox 5
100%
Trapped On Cleveland 3Grandparents
100%
Long Live MexicoHBS
100%
Trapped On Cleveland 3Hibachi
100%
Slime Avenue | Trapped On Cleveland | Trapped On Cleveland 3Intro
100%
Long Live MexicoMillion Dollar Mansion
100%
Keed Talk to 'EmNameless
100%
Long Live MexicoOh My God
100%
Long Live MexicoPass It Out
100%
Keed Talk to 'EmRed Hot
100%
Long Live MexicoRide the Wave
100%
Long Live MexicoRockstar
100%
Long Live MexicoSnake
100%
Trapped On Cleveland 3Wavy
100%
Keed Talk to 'EmWop Remix
100%
Trapped On Cleveland 3Zaza
100%
Trapped On Cleveland 2Add a Lil Drip
50%
Keed Talk to 'EmAin't Seen My Face
50%
Keed Talk to 'EmAll by My Lonely
50%
A-TeamA-Team (You Ain't Safe)
50%
Trapped On Cleveland 2Big Eye
50%
Keed Talk to 'EmBlack Out
50%
Slime AvenueBlicky Blicky
50%
Trapped On Cleveland 2Cocoon
50%
Trapped On Cleveland 3Cold World
50%
Keed Talk to 'EmDefinitely
50%
Trapped On Cleveland 2Dollar Signs
50%
Keed Talk to 'EmDon't Do No Playing
50%
Trapped On Cleveland 3Don't Stop
50%
Long Live MexicoDragon
50%
Long Live MexicoFear of God
50%
Trapped On Cleveland 2Fetish
50%
Trapped On Cleveland 2Freak
50%
Trapped On Cleveland 2Friend Zone
50%
Trapped On Cleveland 3Heartbreaker
50%
Trapped On Cleveland 3Here
50%
Single #3HEY!
50%
Long Live MexicoHigher N Higher
50%
Trapped On Cleveland 2HoodBaby Language
50%
Long Live MexicoJust a Dream
50%
Trapped On Cleveland 2KeedToven
50%
Trapped On Cleveland 3Kiss Em Peace
50%
Trapped On Cleveland 2Leave Us
50%
Long Live MexicoMake U Proud
50%
Trapped On Cleveland 2Millions & Billions
50%
Trapped On Cleveland 3Obama Coupe
50%
Long Live MexicoOn Everything
50%
Keed Talk to 'EmPlayer
50%
Long Live MexicoProud of Me
50%
Long Live MexicoPull Up
50%
Long Live MexicoReal Hood Baby
50%
Trapped On Cleveland 3Repaid
50%
Long Live MexicoRide Wit You
50%
Keed Talk to 'EmSay Something
50%
Trapped On Cleveland 3She Know
50%
Trapped On Cleveland 2Slatt Rock
50%
Keed Talk to 'EmSmack On God
50%
Trapped On Cleveland 2Thugger
50%
Trapped On Cleveland 3Tighten Up
50%
Long Live MexicoTip Top
50%
Trapped On Cleveland 3Traplanta
50%
Trapped On Cleveland 3Trippin'
50%
Trapped On Cleveland 3Twisted
50%
Keed Talk to 'EmWater by G
50%
Keed Talk to 'EmWhat I Do
50%
Keed Talk to 'EmWhere I'm From
50%
Trapped On Cleveland 3Why
50%
Trapped On Cleveland 2Wish Me Well
50%
Trapped On Cleveland 2Zoned Out
50%
A-TeamAccomplishments
0%
Trapped On ClevelandBag
0%
Slime AvenueBig B's
0%
Trapped On ClevelandBlock Life
0%
Trapped On ClevelandBMP
0%
A-TeamBobble Head
0%
Trapped On ClevelandConversations
0%
Trapped On ClevelandCrook
0%
Slime AvenueFollow the Leader
0%
Trapped On ClevelandFor Them Racks
0%
A-TeamG5
0%
Slime AvenueGone Feel Me
0%
Trapped On ClevelandGunna
0%
Trapped On ClevelandHigh Horse
0%
A-TeamHightop Shoes
0%
Trapped On ClevelandHoe Taker
0%
Trapped On ClevelandInsane
0%
Trapped On ClevelandJuvenile Delinquent
0%
Slime AvenueMurder Rate
0%
Trapped On ClevelandNo Fear
0%
Trapped On ClevelandNo Reason
0%
A-TeamReal Slime
0%
Trapped On ClevelandRed Bottoms
0%
A-TeamRockstar Lifestyle
0%
SingleSaliva
0%
Trapped On ClevelandScotty
0%
Single #4Self Employed
0%
Slime AvenueSolid
0%
Single #2Swap It Out
0%
Slime AvenueTellin' Ya
0%
Slime AvenueTony Romo
0%
Trapped On ClevelandToo Official
0%
Trapped On ClevelandWe Bout
0%

Score Distribution

Percentile by Number Answered

Percent of People with Each Score

Your Score History

You have not taken this quiz since the last reset